| 000 | 01056 a2200229 4500 | ||
|---|---|---|---|
| 003 | Nust | ||
| 005 | 20221208103045.0 | ||
| 010 | _a 88031455 | ||
| 020 | _a0071002693 | ||
| 040 | _cNust | ||
| 082 | 0 | 0 | _a621.382,PRO |
| 100 | 1 |
_aProakis, John G. _9662 |
|
| 245 | 1 | 0 |
_aDigital communications / _cJohn G. Proakis. |
| 250 | _a2nd ed. | ||
| 260 |
_aNew York : _bMcGraw-Hill, _cc1989. |
||
| 300 |
_axviii, 905 p. : _bill. ; _c24 cm. |
||
| 440 | 0 |
_aMcGraw-Hill series in electrical engineering. _920188 |
|
| 500 | _a. | ||
| 505 | _aProbability and stochastic processes (Page-1), Elements of a digital communication system and information theory (Page-63), Characterization of signals and systems (Page-148), Modulation and demodulation for the additive gaussian (Page-220), Efficient signaling with coded waveforms (Page-362), Digital signalling over a bandwidth (Page-519), Digital signaling over fading multipath (Page-702), Spread spectrum signals for digital communications (Page-800), | ||
| 650 | 0 |
_aDigital communications. _9237 |
|
| 942 |
_2ddc _cBK |
||
| 999 |
_c180825 _d180825 |
||